Blitz: World Water Quiz Stats

 Plays Quiz not verified by Sporcle

Score 0/10 Timer 01:00
0 Plays Today
Question Water % Correct
Largest oceanPacific Ocean
77.4%
Deepest spot in the oceanMariana Trench
67.9%
Smallest oceanArctic Ocean
66%
Longest riverNile River
63.2%
Highest waterfallAngel Falls
54.7%
Lowest lakeDead Sea
49.1%
Deepest lakeLake Baikal
46.2%
Largest freshwater lakeLake Superior
43.4%
Longest river in the U.S.Missouri River
41.5%
Shortest riverRoe River
3.8%

You're not logged in!

Compare scores with friends on all Sporcle quizzes.
OR
Log In

Show Comments

Extras

Created Feb 20, 2012ReportNominate
Tags:Country Quiz, Image Quiz

Top Quizzes Today


Score Distribution

Your Account Isn't Verified!

In order to create a playlist on Sporcle, you need to verify the email address you used during registration. Go to your Sporcle Settings to finish the process.

Report this User

Report this user for behavior that violates our Community Guidelines.

Details: